000 01564nam a22001577a 4500
999 _c521131
_d521131
008 221216b ||||| |||| 00| 0 eng d
100 _aSmith, Kelly B.
_936287
245 _aLaboratories of bureaucracy: How bureaucrats learn across states in setting early childhood education standards
260 _aPublius: The Journal of Federalism
300 _a52(4), Fall, 2022: p.553-578
520 _aHow and under what conditions might bureaucrats look to other states? Using a novel dataset of state early learning standards, I conduct dyad analysis to explain across-state citations in bureaucratic documents. Federal government programs can affect which states are looked to for ideas by defining which states are successful through competitive grant programs. Furthermore, the success of programs within the state affect whether bureaucrats look to other states. This article makes two important contributions to our understanding of policy. First, it explores how bureaucrats can participate in policy knowledge diffusion by looking to other states for information. Second, it sheds light on how we measure states as laboratories by marshaling an innovative dataset of citations within state documents. The article suggests states may not be limited to acting as laboratories through electoral institutions, but rather, they may also innovate as laboratories of bureaucracy. – Reproduced
650 _aBureaucracy, Bureaucrats, Childhood education
_936288
773 _aPublius: The Journal of Federalism
906 _aCHILD DEVELOPMENT
942 _cAR